[Event "World Cup 2023 Open"]
[Site "Baku, Azerbaijan"]
[Date "????.??.??"]
[Round "31.6"]
[White "Wang Hao (CHN)"]
[Black "Svane Rasmus (GER)"]
[Result "1/2-1/2"]
[WhiteFideId "8602883"]
[BlackFideId "4657101"]
[WhiteElo "2709"]
[BlackElo "2625"]

1. d4 {[%clk 00:25:18]} {[%emt 00:00:02]} Nf6 {[%clk 00:25:16]} {[%emt
00:00:04]} 2. c4 {[%clk 00:25:26]} {[%emt 00:00:02]} e6 {[%clk 00:25:24]}
{[%emt 00:00:01]} 3. Nc3 {[%clk 00:25:34]} {[%emt 00:00:02]} Bb4 {[%clk
00:25:32]} {[%emt 00:00:02]} 4. f3 {[%clk 00:25:43]} {[%emt 00:00:01]} d5
{[%clk 00:25:29]} {[%emt 00:00:14]} 5. a3 {[%clk 00:25:50]} {[%emt 00:00:03]}
Be7 {[%clk 00:25:37]} {[%emt 00:00:01]} 6. e4 {[%clk 00:25:58]} {[%emt
00:00:02]} dxe4 {[%clk 00:25:45]} {[%emt 00:00:02]} 7. fxe4 {[%clk 00:26:06]}
{[%emt 00:00:02]} c5 {[%clk 00:25:54]} {[%emt 00:00:01]} 8. d5 {[%clk
00:26:15]} {[%emt 00:00:01]} exd5 {[%clk 00:26:01]} {[%emt 00:00:03]} 9. exd5
{[%clk 00:26:23]} {[%emt 00:00:02]} O-O {[%clk 00:26:08]} {[%emt 00:00:04]} 10.
Be2 {[%clk 00:26:30]} {[%emt 00:00:02]} a6 {[%clk 00:26:06]} {[%emt 00:00:12]}
11. Nf3 {[%clk 00:26:38]} {[%emt 00:00:02]} Bd6 {[%clk 00:26:11]} {[%emt
00:00:06]} 12. O-O {[%clk 00:26:36]} {[%emt 00:00:12]} h6 {[%clk 00:26:20]}
{[%emt 00:00:01]} 13. h3 {[%clk 00:25:33]} {[%emt 00:01:13]} Re8 {[%clk
00:25:41]} {[%emt 00:00:49]} 14. Bd3 {[%clk 00:25:38]} {[%emt 00:00:04]} b5
{[%clk 00:24:48]} {[%emt 00:01:03]} 15. cxb5 {[%clk 00:25:24]} {[%emt
00:00:24]} c4 {[%clk 00:24:55]} {[%emt 00:00:03]} 16. Bxc4 {[%clk 00:22:54]}
{[%emt 00:02:40]} Bxh3 {[%clk 00:24:21]} {[%emt 00:00:44]} 17. gxh3 {[%clk
00:21:23]} {[%emt 00:01:41]} Qc8 {[%clk 00:24:29]} {[%emt 00:00:01]} 18. Kg2
{[%clk 00:21:11]} {[%emt 00:00:23]} Qxc4 {[%clk 00:24:12]} {[%emt 00:00:28]} 19.
Qd4 {[%clk 00:19:04]} {[%emt 00:02:17]} axb5 {[%clk 00:20:28]} {[%emt
00:03:53]} 20. Bxh6 {[%clk 00:16:11]} {[%emt 00:03:03]} Nbd7 {[%clk 00:19:32]}
{[%emt 00:01:06]} 21. Qxc4 {[%clk 00:14:38]} {[%emt 00:01:43]} bxc4 {[%clk
00:19:40]} {[%emt 00:00:02]} 22. Bg5 {[%clk 00:14:46]} {[%emt 00:00:01]} Nh7
{[%clk 00:11:55]} {[%emt 00:07:54]} 23. Rae1 {[%clk 00:14:07]} {[%emt
00:00:50]} Rxe1 {[%clk 00:11:34]} {[%emt 00:00:31]} 24. Rxe1 {[%clk 00:14:15]}
{[%emt 00:00:01]} Nxg5 {[%clk 00:11:43]} {[%emt 00:00:01]} 25. Nxg5 {[%clk
00:14:23]} {[%emt 00:00:02]} Be5 {[%clk 00:11:50]} {[%emt 00:00:03]} 26. Nf3
{[%clk 00:13:16]} {[%emt 00:01:17]} Bxc3 {[%clk 00:10:27]} {[%emt 00:01:33]} 27.
bxc3 {[%clk 00:13:24]} {[%emt 00:00:02]} Rxa3 {[%clk 00:08:18]} {[%emt
00:02:19]} 28. Re7 {[%clk 00:10:31]} {[%emt 00:03:03]} Nf6 {[%clk 00:03:55]}
{[%emt 00:04:33]} 29. d6 {[%clk 00:10:33]} {[%emt 00:00:08]} Rxc3 {[%clk
00:03:15]} {[%emt 00:00:50]} 30. d7 {[%clk 00:10:00]} {[%emt 00:00:43]} Nxd7
{[%clk 00:03:20]} {[%emt 00:00:05]} 31. Rxd7 {[%clk 00:10:08]} {[%emt
00:00:02]} f6 {[%clk 00:02:59]} {[%emt 00:00:30]} 32. Rc7 {[%clk 00:09:15]}
{[%emt 00:01:04]} Rc1 {[%clk 00:02:23]} {[%emt 00:00:46]} 33. Nd4 {[%clk
00:09:13]} {[%emt 00:00:12]} Kh7 {[%clk 00:01:49]} {[%emt 00:00:43]} 34. Nf5
{[%clk 00:05:41]} {[%emt 00:03:42]} Kg6 {[%clk 00:01:43]} {[%emt 00:00:17]} 35.
Ne3 {[%clk 00:05:45]} {[%emt 00:00:06]} c3 {[%clk 00:01:17]} {[%emt 00:00:35]}
36. Nd5 {[%clk 00:05:51]} {[%emt 00:00:04]} Rd1 {[%clk 00:01:19]} {[%emt
00:00:09]} 37. Ne7+ {[%clk 00:04:08]} {[%emt 00:01:52]} Kf7 {[%clk 00:01:24]}
{[%emt 00:00:06]} 38. Nf5+ {[%clk 00:04:02]} {[%emt 00:00:16]} Kg6 {[%clk
00:01:32]} {[%emt 00:00:02]} 39. Nh4+ {[%clk 00:04:06]} {[%emt 00:00:06]} Kh5
{[%clk 00:01:38]} {[%emt 00:00:05]} 40. Nf3 {[%clk 00:04:10]} {[%emt 00:00:06]}
g5 {[%clk 00:01:37]} {[%emt 00:00:11]} 41. Rxc3 {[%clk 00:04:16]} {[%emt
00:00:04]} Rd5 {[%clk 00:01:45]} {[%emt 00:00:02]} 42. Rc8 {[%clk 00:04:21]}
{[%emt 00:00:05]} Ra5 {[%clk 00:01:23]} {[%emt 00:00:32]} 43. Rd8 {[%clk
00:04:15]} {[%emt 00:00:16]} Ra2+ {[%clk 00:01:04]} {[%emt 00:00:29]} 44. Kg3
{[%clk 00:04:16]} {[%emt 00:00:09]} Ra3 {[%clk 00:01:13]} {[%emt 00:00:02]} 45.
Kf2 {[%clk 00:02:53]} {[%emt 00:01:32]} Rb3 {[%clk 00:00:57]} {[%emt 00:00:26]}
46. Ng1 {[%clk 00:02:18]} {[%emt 00:00:45]} f5 {[%clk 00:00:46]} {[%emt
00:00:21]} 47. Rg8 {[%clk 00:01:46]} {[%emt 00:00:41]} g4 {[%clk 00:00:36]}
{[%emt 00:00:20]} 48. Rh8+ {[%clk 00:01:50]} {[%emt 00:00:06]} Kg6 {[%clk
00:00:44]} {[%emt 00:00:03]} 49. h4 {[%clk 00:01:56]} {[%emt 00:00:04]} f4
{[%clk 00:00:53]} {[%emt 00:00:01]} 50. Ne2 {[%clk 00:01:30]} {[%emt 00:00:36]}
Rb2 {[%clk 00:01:02]} {[%emt 00:00:01]} 51. Ke1 {[%clk 00:01:31]} {[%emt
00:00:08]} f3 {[%clk 00:01:02]} {[%emt 00:00:10]} 52. Ng3 {[%clk 00:01:36]}
{[%emt 00:00:04]} Rb1+ {[%clk 00:00:47]} {[%emt 00:00:26]} 53. Kf2 {[%clk
00:01:24]} {[%emt 00:00:22]} Rb2+ {[%clk 00:00:56]} {[%emt 00:00:01]} 54. Ke3
{[%clk 00:01:33]} Rb3+ {[%clk 00:00:56]} {[%emt 00:00:10]} 55. Kf2 {[%clk
00:01:11]} {[%emt 00:00:31]} Rb2+ {[%clk 00:01:05]} {[%emt 00:00:01]} 56. Ke1
{[%clk 00:01:19]} {[%emt 00:00:02]} Rb1+ {[%clk 00:01:10]} {[%emt 00:00:05]} 57.
Kd2 {[%clk 00:01:25]} {[%emt 00:00:02]} Rb2+ {[%clk 00:01:07]} {[%emt
00:00:14]} 58. Kd3 {[%clk 00:01:17]} {[%emt 00:00:19]} Rb3+ {[%clk 00:01:01]}
{[%emt 00:00:16]} 59. Kc2 {[%clk 00:00:46]} {[%emt 00:00:41]} Ra3 {[%clk
00:00:54]} {[%emt 00:00:18]} 60. Rg8+ {[%clk 00:00:24]} {[%emt 00:00:31]} Kh7
{[%clk 00:01:02]} {[%emt 00:00:02]} 61. Rxg4 {[%clk 00:00:20]} {[%emt
00:00:15]} f2 {[%clk 00:01:07]} {[%emt 00:00:05]} 62. Rf4 {[%clk 00:00:23]}
{[%emt 00:00:07]} 1/2-1/2

[Event "World Cup 2023 Open"]
[Site "Baku, Azerbaijan"]
[Date "????.??.??"]
[Round "31.7"]
[White "Dominguez Perez Leinier (USA)"]
[Black "Wojtaszek Radoslaw (POL)"]
[Result "1/2-1/2"]
[WhiteFideId "3503240"]
[BlackFideId "1118358"]
[WhiteElo "2739"]
[BlackElo "2676"]

1. e4 {[%clk 00:25:17]} {[%emt 00:00:02]} e5 {[%clk 00:25:18]} {[%emt
00:00:02]} 2. Nf3 {[%clk 00:25:25]} {[%emt 00:00:02]} Nc6 {[%clk 00:25:26]}
{[%emt 00:00:03]} 3. Bc4 {[%clk 00:25:33]} {[%emt 00:00:02]} Nf6 {[%clk
00:25:34]} {[%emt 00:00:03]} 4. d3 {[%clk 00:25:41]} {[%emt 00:00:02]} Be7
{[%clk 00:25:43]} {[%emt 00:00:02]} 5. Nc3 {[%clk 00:25:48]} {[%emt 00:00:02]}
d6 {[%clk 00:25:49]} {[%emt 00:00:04]} 6. a4 {[%clk 00:25:57]} {[%emt
00:00:02]} O-O {[%clk 00:25:55]} {[%emt 00:00:04]} 7. O-O {[%clk 00:26:03]}
{[%emt 00:00:03]} a5 {[%clk 00:25:39]} {[%emt 00:00:26]} 8. Re1 {[%clk
00:25:46]} {[%emt 00:00:27]} Re8 {[%clk 00:25:47]} {[%emt 00:00:02]} 9. h3
{[%clk 00:25:52]} {[%emt 00:00:05]} h6 {[%clk 00:25:55]} {[%emt 00:00:02]} 10.
Be3 {[%clk 00:24:04]} {[%emt 00:01:57]} Bf8 {[%clk 00:25:57]} {[%emt 00:00:09]}
11. d4 {[%clk 00:24:12]} {[%emt 00:00:02]} exd4 {[%clk 00:26:04]} {[%emt
00:00:03]} 12. Nxd4 {[%clk 00:24:20]} {[%emt 00:00:02]} Nb4 {[%clk 00:26:08]}
{[%emt 00:00:06]} 13. Bf4 {[%clk 00:24:28]} {[%emt 00:00:02]} c6 {[%clk
00:25:59]} {[%emt 00:00:19]} 14. Qd2 {[%clk 00:24:04]} {[%emt 00:00:34]} Bd7
{[%clk 00:25:15]} {[%emt 00:00:54]} 15. e5 {[%clk 00:19:26]} {[%emt 00:04:49]}
dxe5 {[%clk 00:25:07]} {[%emt 00:00:19]} 16. Bxe5 {[%clk 00:19:34]} {[%emt
00:00:02]} c5 {[%clk 00:19:58]} {[%emt 00:05:19]} 17. Nf3 {[%clk 00:14:43]}
{[%emt 00:05:01]} Bf5 {[%clk 00:20:06]} {[%emt 00:00:02]} 18. Qf4 {[%clk
00:14:09]} {[%emt 00:00:44]} Bxc2 {[%clk 00:20:01]} {[%emt 00:00:15]} 19. Bc7
{[%clk 00:08:05]} {[%emt 00:06:14]} Rxe1+ {[%clk 00:17:43]} {[%emt 00:02:28]}
20. Rxe1 {[%clk 00:07:43]} {[%emt 00:00:32]} Nfd5 {[%clk 00:17:21]} {[%emt
00:00:32]} 21. Nxd5 {[%clk 00:06:30]} {[%emt 00:01:23]} Nxd5 {[%clk 00:17:29]}
{[%emt 00:00:02]} 22. Qd2 {[%clk 00:04:51]} {[%emt 00:01:48]} Qxc7 {[%clk
00:17:36]} {[%emt 00:00:03]} 23. Qxc2 {[%clk 00:04:59]} {[%emt 00:00:02]} Nb6
{[%clk 00:17:44]} {[%emt 00:00:01]} 24. Ne5 {[%clk 00:04:40]} {[%emt 00:00:29]}
Nxc4 {[%clk 00:17:51]} {[%emt 00:00:03]} 25. Nxc4 {[%clk 00:04:48]} {[%emt
00:00:02]} Be7 {[%clk 00:15:58]} {[%emt 00:02:03]} 26. Qb3 {[%clk 00:03:58]}
{[%emt 00:01:01]} Bf6 {[%clk 00:14:04]} {[%emt 00:02:04]} 27. Qb5 {[%clk
00:04:07]} {[%emt 00:00:01]} Bd4 {[%clk 00:12:46]} {[%emt 00:01:28]} 28. Re8+
{[%clk 00:04:11]} {[%emt 00:00:07]} Rxe8 {[%clk 00:12:54]} {[%emt 00:00:02]} 29.
Qxe8+ {[%clk 00:04:20]} Kh7 {[%clk 00:13:02]} {[%emt 00:00:01]} 30. Qe4+ {[%clk
00:04:24]} {[%emt 00:00:06]} g6 {[%clk 00:13:01]} {[%emt 00:00:11]} 31. b3
{[%clk 00:04:13]} {[%emt 00:00:21]} Kg7 {[%clk 00:12:50]} {[%emt 00:00:21]} 32.
Kf1 {[%clk 00:03:08]} {[%emt 00:01:15]} h5 {[%clk 00:06:19]} {[%emt 00:06:41]}
33. g3 {[%clk 00:03:12]} {[%emt 00:00:06]} Kf8 {[%clk 00:04:46]} {[%emt
00:01:43]} 34. Kg2 {[%clk 00:03:11]} {[%emt 00:00:11]} Kg7 {[%clk 00:04:54]}
{[%emt 00:00:01]} 35. Qf3 {[%clk 00:02:28]} {[%emt 00:00:54]} Kf8 {[%clk
00:04:52]} {[%emt 00:00:13]} 36. Qe4 {[%clk 00:02:00]} {[%emt 00:00:37]} Kg7
{[%clk 00:05:00]} {[%emt 00:00:02]} 37. Qf3 {[%clk 00:02:06]} {[%emt 00:00:04]}
Kf8 {[%clk 00:05:08]} {[%emt 00:00:03]} 38. Qe4 {[%clk 00:02:03]} {[%emt
00:00:13]} Kg7 {[%clk 00:04:58]} {[%emt 00:00:04]} 1/2-1/2

[Event "World Cup 2023 Open"]
[Site "Baku, Azerbaijan"]
[Date "????.??.??"]
[Round "31.8"]
[White "Vocaturo Daniele (ITA)"]
[Black "Salem A.R. Saleh (UAE)"]
[Result "0-1"]
[WhiteFideId "813192"]
[BlackFideId "9301348"]
[WhiteElo "2609"]
[BlackElo "2661"]

1. d4 {[%clk 00:25:16]} {[%emt 00:00:02]} Nf6 {[%clk 00:25:18]} {[%emt
00:00:03]} 2. c4 {[%clk 00:25:22]} {[%emt 00:00:04]} e6 {[%clk 00:25:27]}
{[%emt 00:00:02]} 3. Nf3 {[%clk 00:25:22]} {[%emt 00:00:09]} d5 {[%clk
00:25:35]} {[%emt 00:00:02]} 4. Nc3 {[%clk 00:25:25]} {[%emt 00:00:07]} c6
{[%clk 00:25:43]} {[%emt 00:00:02]} 5. Bg5 {[%clk 00:25:26]} {[%emt 00:00:08]}
Nbd7 {[%clk 00:25:50]} {[%emt 00:00:03]} 6. cxd5 {[%clk 00:25:07]} {[%emt
00:00:30]} exd5 {[%clk 00:25:58]} {[%emt 00:00:03]} 7. e3 {[%clk 00:25:14]}
{[%emt 00:00:03]} h6 {[%clk 00:25:54]} {[%emt 00:00:14]} 8. Bh4 {[%clk
00:25:21]} {[%emt 00:00:02]} Be7 {[%clk 00:26:01]} {[%emt 00:00:03]} 9. Qc2
{[%clk 00:25:06]} {[%emt 00:00:26]} O-O {[%clk 00:25:58]} {[%emt 00:00:13]} 10.
Bd3 {[%clk 00:25:13]} {[%emt 00:00:02]} Re8 {[%clk 00:25:56]} {[%emt 00:00:12]}
11. O-O {[%clk 00:25:03]} {[%emt 00:00:21]} Ne4 {[%clk 00:25:35]} {[%emt
00:00:32]} 12. Bxe4 {[%clk 00:25:03]} {[%emt 00:00:10]} Bxh4 {[%clk 00:25:41]}
{[%emt 00:00:04]} 13. Bh7+ {[%clk 00:25:07]} {[%emt 00:00:05]} Kh8 {[%clk
00:25:47]} {[%emt 00:00:04]} 14. Bd3 {[%clk 00:25:13]} {[%emt 00:00:04]} Be7
{[%clk 00:25:06]} {[%emt 00:00:52]} 15. Rae1 {[%clk 00:24:26]} {[%emt
00:00:57]} Nf6 {[%clk 00:22:32]} {[%emt 00:02:44]} 16. Ne5 {[%clk 00:24:06]}
{[%emt 00:00:29]} Kg8 {[%clk 00:22:40]} {[%emt 00:00:02]} 17. f4 {[%clk
00:22:59]} {[%emt 00:01:18]} c5 {[%clk 00:22:45]} {[%emt 00:00:05]} 18. h3
{[%clk 00:21:19]} {[%emt 00:01:49]} Be6 {[%clk 00:20:36]} {[%emt 00:02:19]} 19.
g4 {[%clk 00:20:30]} {[%emt 00:00:58]} cxd4 {[%clk 00:19:09]} {[%emt 00:01:38]}
20. exd4 {[%clk 00:20:38]} {[%emt 00:00:02]} Rc8 {[%clk 00:19:18]} {[%emt
00:00:02]} 21. Bb5 {[%clk 00:16:55]} {[%emt 00:03:52]} Rf8 {[%clk 00:16:06]}
{[%emt 00:03:22]} 22. f5 {[%clk 00:11:33]} {[%emt 00:05:32]} Bd7 {[%clk
00:15:55]} {[%emt 00:00:21]} 23. Nxd7 {[%clk 00:10:28]} {[%emt 00:01:14]} Nxd7
{[%clk 00:16:03]} {[%emt 00:00:03]} 24. Bxd7 {[%clk 00:10:05]} {[%emt
00:00:33]} Qxd7 {[%clk 00:16:08]} {[%emt 00:00:05]} 25. Qg2 {[%clk 00:09:38]}
{[%emt 00:00:37]} Bf6 {[%clk 00:12:40]} {[%emt 00:03:38]} 26. Nxd5 {[%clk
00:09:09]} {[%emt 00:00:38]} Bxd4+ {[%clk 00:12:21]} {[%emt 00:00:29]} 27. Kh1
{[%clk 00:09:18]} {[%emt 00:00:01]} Bf6 {[%clk 00:08:40]} {[%emt 00:03:51]} 28.
Rd1 {[%clk 00:08:11]} {[%emt 00:01:17]} Qb5 {[%clk 00:08:33]} {[%emt 00:00:17]}
29. b3 {[%clk 00:07:11]} {[%emt 00:01:10]} Rfe8 {[%clk 00:08:15]} {[%emt
00:00:27]} 30. Rfe1 {[%clk 00:06:49]} {[%emt 00:00:33]} Rxe1+ {[%clk 00:05:43]}
{[%emt 00:02:42]} 31. Rxe1 {[%clk 00:06:57]} Qd3 {[%clk 00:05:07]} {[%emt
00:00:46]} 32. Nf4 {[%clk 00:05:39]} {[%emt 00:01:28]} Qc3 {[%clk 00:05:15]}
{[%emt 00:00:02]} 33. Rd1 {[%clk 00:05:27]} {[%emt 00:00:22]} Re8 {[%clk
00:04:59]} {[%emt 00:00:26]} 34. Nd5 {[%clk 00:01:38]} {[%emt 00:03:59]} Re1+
{[%clk 00:05:02]} {[%emt 00:00:07]} 35. Rxe1 {[%clk 00:01:47]} Qxe1+ {[%clk
00:05:11]} {[%emt 00:00:01]} 36. Qg1 {[%clk 00:01:56]} Qe4+ {[%clk 00:05:19]}
{[%emt 00:00:02]} 37. Qg2 {[%clk 00:02:05]} Qb1+ {[%clk 00:05:28]} {[%emt
00:00:01]} 38. Qg1 {[%clk 00:02:14]} {[%emt 00:00:01]} Qxa2 {[%clk 00:05:36]}
{[%emt 00:00:03]} 39. Qe3 {[%clk 00:02:12]} {[%emt 00:00:12]} Kh7 {[%clk
00:03:30]} {[%emt 00:02:15]} 40. Qd3 {[%clk 00:01:43]} {[%emt 00:00:40]} a5
{[%clk 00:02:47]} {[%emt 00:00:54]} 41. Kg1 {[%clk 00:01:17]} {[%emt 00:00:36]}
Qb2 {[%clk 00:02:25]} {[%emt 00:00:32]} 42. Kf1 {[%clk 00:01:19]} {[%emt
00:00:08]} Bd4 {[%clk 00:01:44]} {[%emt 00:00:50]} 43. Ke1 {[%clk 00:01:26]}
{[%emt 00:00:03]} Qf2+ {[%clk 00:01:41]} {[%emt 00:00:13]} 44. Kd1 {[%clk
00:01:17]} {[%emt 00:00:19]} Qg1+ {[%clk 00:01:50]} {[%emt 00:00:02]} 0-1

[Event "World Cup 2023 Open"]
[Site "Baku, Azerbaijan"]
[Date "????.??.??"]
[Round "31.9"]
[White "Maghsoodloo Parham (IRI)"]
[Black "Duda Jan-Krzysztof (POL)"]
[Result "1-0"]
[WhiteFideId "12539929"]
[BlackFideId "1170546"]
[WhiteElo "2719"]
[BlackElo "2732"]

1. e4 {[%clk 00:25:18]} e5 {[%clk 00:25:19]} {[%emt 00:00:02]} 2. Nf3 {[%clk
00:25:27]} {[%emt 00:00:02]} Nf6 {[%clk 00:25:27]} {[%emt 00:00:01]} 3. Nxe5
{[%clk 00:25:35]} {[%emt 00:00:02]} d6 {[%clk 00:25:36]} {[%emt 00:00:01]} 4.
Nf3 {[%clk 00:25:43]} {[%emt 00:00:02]} Nxe4 {[%clk 00:25:44]} {[%emt
00:00:02]} 5. d4 {[%clk 00:25:52]} {[%emt 00:00:02]} d5 {[%clk 00:25:53]}
{[%emt 00:00:01]} 6. Bd3 {[%clk 00:26:01]} {[%emt 00:00:01]} Bf5 {[%clk
00:26:01]} {[%emt 00:00:02]} 7. O-O {[%clk 00:26:08]} {[%emt 00:00:03]} Be7
{[%clk 00:26:10]} {[%emt 00:00:01]} 8. Re1 {[%clk 00:26:16]} {[%emt 00:00:02]}
O-O {[%clk 00:26:16]} {[%emt 00:00:04]} 9. Nbd2 {[%clk 00:26:25]} {[%emt
00:00:02]} Nd6 {[%clk 00:26:23]} {[%emt 00:00:03]} 10. Nf1 {[%clk 00:26:33]}
{[%emt 00:00:02]} c6 {[%clk 00:26:31]} {[%emt 00:00:02]} 11. Bf4 {[%clk
00:26:42]} {[%emt 00:00:02]} Bxd3 {[%clk 00:26:37]} {[%emt 00:00:04]} 12. Qxd3
{[%clk 00:26:50]} {[%emt 00:00:02]} Na6 {[%clk 00:26:46]} {[%emt 00:00:02]} 13.
h4 {[%clk 00:26:58]} {[%emt 00:00:01]} Nc7 {[%clk 00:26:54]} {[%emt 00:00:02]}
14. Ng5 {[%clk 00:27:07]} {[%emt 00:00:02]} Bxg5 {[%clk 00:27:02]} {[%emt
00:00:02]} 15. Bxg5 {[%clk 00:27:15]} {[%emt 00:00:02]} f6 {[%clk 00:27:10]}
{[%emt 00:00:02]} 16. Bf4 {[%clk 00:27:08]} {[%emt 00:00:17]} Qd7 {[%clk
00:27:19]} {[%emt 00:00:02]} 17. Ne3 {[%clk 00:26:08]} {[%emt 00:01:09]} Rfe8
{[%clk 00:27:27]} {[%emt 00:00:02]} 18. h5 {[%clk 00:25:31]} {[%emt 00:00:48]}
Ne6 {[%clk 00:25:32]} {[%emt 00:02:04]} 19. Bxd6 {[%clk 00:25:38]} {[%emt
00:00:02]} Qxd6 {[%clk 00:25:40]} {[%emt 00:00:02]} 20. Nf5 {[%clk 00:25:44]}
{[%emt 00:00:05]} Qd7 {[%clk 00:24:53]} {[%emt 00:00:57]} 21. Qg3 {[%clk
00:23:44]} {[%emt 00:02:10]} Ng5 {[%clk 00:23:41]} {[%emt 00:01:22]} 22. Qf4
{[%clk 00:21:41]} {[%emt 00:02:13]} Re6 {[%clk 00:19:21]} {[%emt 00:04:29]} 23.
Rxe6 {[%clk 00:19:44]} {[%emt 00:02:07]} Qxe6 {[%clk 00:15:19]} {[%emt
00:04:12]} 24. h6 {[%clk 00:19:52]} {[%emt 00:00:03]} g6 {[%clk 00:14:15]}
{[%emt 00:01:14]} 25. Ng7 {[%clk 00:19:01]} {[%emt 00:01:00]} Qe7 {[%clk
00:14:23]} {[%emt 00:00:02]} 26. Kf1 {[%clk 00:19:10]} {[%emt 00:00:01]} Kf7
{[%clk 00:13:23]} {[%emt 00:01:10]} 27. Re1 {[%clk 00:18:10]} {[%emt 00:01:10]}
Qd7 {[%clk 00:13:31]} {[%emt 00:00:02]} 28. f3 {[%clk 00:16:54]} {[%emt
00:01:26]} a5 {[%clk 00:13:03]} {[%emt 00:00:38]} 29. Qe3 {[%clk 00:13:43]}
{[%emt 00:03:19]} b5 {[%clk 00:08:20]} {[%emt 00:04:54]} 30. Qa3 {[%clk
00:13:14]} {[%emt 00:00:39]} b4 {[%clk 00:08:02]} {[%emt 00:00:28]} 31. Qe3
{[%clk 00:12:21]} {[%emt 00:01:03]} Rf8 {[%clk 00:06:58]} {[%emt 00:01:14]} 32.
c4 {[%clk 00:12:24]} {[%emt 00:00:07]} bxc3 {[%clk 00:04:24]} {[%emt 00:02:45]}
33. bxc3 {[%clk 00:10:48]} {[%emt 00:01:46]} Rb8 {[%clk 00:04:16]} {[%emt
00:00:18]} 34. Qf4 {[%clk 00:10:57]} {[%emt 00:00:01]} Rd8 {[%clk 00:03:18]}
{[%emt 00:01:08]} 35. Qe3 {[%clk 00:09:53]} {[%emt 00:01:13]} Rb8 {[%clk
00:03:24]} {[%emt 00:00:04]} 36. c4 {[%clk 00:09:27]} {[%emt 00:00:36]} a4
{[%clk 00:03:25]} {[%emt 00:00:09]} 37. c5 {[%clk 00:09:30]} {[%emt 00:00:07]}
Rf8 {[%clk 00:02:34]} {[%emt 00:01:00]} 38. Re2 {[%clk 00:06:14]} {[%emt
00:03:26]} Rb8 {[%clk 00:02:15]} {[%emt 00:00:30]} 39. Qf4 {[%clk 00:06:16]}
{[%emt 00:00:08]} Rd8 {[%clk 00:02:01]} {[%emt 00:00:24]} 40. Kf2 {[%clk
00:04:42]} {[%emt 00:01:44]} Qc8 {[%clk 00:01:36]} {[%emt 00:00:35]} 41. Qe3
{[%clk 00:03:39]} {[%emt 00:01:12]} Qd7 {[%clk 00:01:44]} {[%emt 00:00:02]} 42.
Qf4 {[%clk 00:02:32]} {[%emt 00:01:17]} Qc8 {[%clk 00:01:52]} {[%emt 00:00:02]}
43. Kf1 {[%clk 00:02:32]} {[%emt 00:00:10]} Qd7 {[%clk 00:01:59]} {[%emt
00:00:04]} 44. Kg1 {[%clk 00:01:46]} {[%emt 00:00:56]} Qc8 {[%clk 00:02:02]}
{[%emt 00:00:07]} 45. Qc1 {[%clk 00:00:59]} {[%emt 00:00:56]} Qc7 {[%clk
00:01:53]} {[%emt 00:00:19]} 46. Qe1 {[%clk 00:00:46]} {[%emt 00:00:24]} Qd7
{[%clk 00:01:16]} {[%emt 00:00:48]} 47. a3 {[%clk 00:00:55]} Ra8 {[%clk
00:01:10]} {[%emt 00:00:16]} 48. Qb1 {[%clk 00:00:25]} {[%emt 00:00:40]} Kg8
{[%clk 00:01:01]} {[%emt 00:00:19]} 49. Qe1 {[%clk 00:00:20]} {[%emt 00:00:15]}
Kf7 {[%clk 00:01:09]} {[%emt 00:00:03]} 50. Qg3 {[%clk 00:00:27]} {[%emt
00:00:03]} Rd8 {[%clk 00:01:14]} {[%emt 00:00:05]} 51. Qf4 {[%clk 00:00:31]}
{[%emt 00:00:06]} Qc8 {[%clk 00:01:22]} {[%emt 00:00:02]} 52. Qe3 {[%clk
00:00:26]} {[%emt 00:00:14]} Qd7 {[%clk 00:01:28]} {[%emt 00:00:04]} 53. Qd2
{[%clk 00:00:30]} {[%emt 00:00:07]} Ra8 {[%clk 00:00:49]} {[%emt 00:00:49]} 54.
Qe1 {[%clk 00:00:33]} {[%emt 00:00:07]} Rb8 {[%clk 00:00:46]} {[%emt 00:00:13]}
55. Qa5 {[%clk 00:00:24]} {[%emt 00:00:19]} Kg8 {[%clk 00:00:53]} {[%emt
00:00:03]} 56. Qxa4 {[%clk 00:00:16]} {[%emt 00:00:18]} Nf7 {[%clk 00:00:29]}
{[%emt 00:00:34]} 57. Qd1 {[%clk 00:00:12]} {[%emt 00:00:14]} Nxh6 {[%clk
00:00:31]} {[%emt 00:00:08]} 58. Ne6 {[%clk 00:00:21]} Nf5 {[%clk 00:00:30]}
{[%emt 00:00:11]} 59. Qd2 {[%clk 00:00:27]} {[%emt 00:00:04]} h5 {[%clk
00:00:16]} {[%emt 00:00:24]} 60. Kf2 {[%clk 00:00:31]} {[%emt 00:00:06]} h4
{[%clk 00:00:24]} {[%emt 00:00:01]} 61. a4 {[%clk 00:00:19]} {[%emt 00:00:23]}
Rb3 {[%clk 00:00:14]} {[%emt 00:00:20]} 62. Qf4 {[%clk 00:00:20]} {[%emt
00:00:09]} Kf7 {[%clk 00:00:13]} {[%emt 00:00:11]} 63. a5 {[%clk 00:00:22]}
{[%emt 00:00:09]} Ng3 {[%clk 00:00:17]} {[%emt 00:00:05]} 64. Ng5+ {[%clk
00:00:14]} {[%emt 00:00:18]} Kg7 {[%clk 00:00:26]} {[%emt 00:00:01]} 65. Ne6+
{[%clk 00:00:22]} {[%emt 00:00:02]} Kf7 {[%clk 00:00:29]} {[%emt 00:00:06]} 66.
Ng5+ {[%clk 00:00:13]} {[%emt 00:00:19]} Kg8 {[%clk 00:00:18]} {[%emt
00:00:21]} 67. Qd6 {[%clk 00:00:13]} {[%emt 00:00:11]} Qxd6 {[%clk 00:00:16]}
{[%emt 00:00:11]} 68. cxd6 {[%clk 00:00:22]} {[%emt 00:00:01]} Nxe2 {[%clk
00:00:24]} {[%emt 00:00:02]} 69. d7 {[%clk 00:00:31]} {[%emt 00:00:01]} Rb8
{[%clk 00:00:33]} {[%emt 00:00:01]} 70. Ne6 {[%clk 00:00:40]} Kf7 {[%clk
00:00:22]} {[%emt 00:00:21]} 71. d8=Q {[%clk 00:00:45]} {[%emt 00:00:06]} Rxd8
{[%clk 00:00:31]} {[%emt 00:00:01]} 72. Nxd8+ {[%clk 00:00:53]} {[%emt
00:00:01]} Ke7 {[%clk 00:00:40]} 73. a6 {[%clk 00:01:03]} {[%emt 00:00:01]} 1-0